=LDR 00000nam 2200000 4500 =001 INLIS000000000012588 =005 20160908112743.0 =006 =007 =008 Ind =035 ##$$0010-061300000012588 =041 ##$$a Ind =082 ##$$a 410.026 =090 ##$$a 410.026, Moh p =100 ##$$a Mahadi, Prof =245 ##$$a Pembinaan bahasa Hukum Indonesia, Prof. Mahandi SH DM Saborudin Ahmad =260 ##$$a 1979 $b Jakarta =300 ##$$a v, 132 hlm, 21 cm =650 ##$$a Bahasa Indonesia Hukum =700 ##$$a Ahmad, Saborudin =850 ##$$a NBPNMAT